000 00217nam a2200097Ia 4500
008 240331s9999 xx 000 0 und d
082 _bCAS
100 _aCastro, F
245 0 _aAmericavitku adipaniya mattoum
942 _cL
999 _c3617
_d3617